[Event "Cto. Autonómico por Equipos 2007"]
[Site "Aragón"]
[Date "2007.03.10"]
[Round "7.32"]
[White "Ruiperez Ramon"]
[Black "Felez Casedas Carlos"]
[Result "1/2-1/2"]
[WhiteElo "1625"]
[BlackElo "2010"]

1.d4 d5 2.e3 e6 3.f4 Nf6 4.Nf3 c5 5.c3 Nc6 6.Bd3 Bd7 7.O-O Rc8 8.Nbd2 cxd4 9.
exd4 g6 10.Ne5 Bg7 11.Rf3 O-O 12.Rh3 Ne8 13.Qe1 f5 14.Ndf3 Nf6 15.Ng5 Qe8 16.
Nxd7 Qxd7 17.Qxe6+ Qxe6 18.Nxe6 Rfe8 19.Nxg7 Kxg7 20.Bd2 Ne4 21.Bxe4 Rxe4 22.
Re1 1/2-1/2

[Event "Cto. Autonómico por Equipos 2007"]
[Site "Aragón"]
[Date "2007.03.10"]
[Round "7.33"]
[White "Valles Mata David"]
[Black "Glavina Rossi Pablo"]
[Result "0-1"]
[WhiteElo "2130"]
[BlackElo "2452"]

1.e4 c6 2.d4 d5 3.Nc3 dxe4 4.Nxe4 Bf5 5.Ng3 Bg6 6.Nf3 Nf6 7.Ne5 Nbd7 8.Nxg6
hxg6 9.b3 e6 10.Bb2 Bb4+ 11.c3 Bd6 12.Bd3 Qc7 13.Qf3 O-O-O 14.O-O-O Rh4 15.h3
e5 16.Kb1 exd4 17.cxd4 Nb6 18.a3 Re8 19.Rhe1 Rxe1 20.Rxe1 Rf4 21.Qe2 Rxf2 22.
Qxf2 Bxg3 23.Qe2 Bxe1 24.Qxe1 Nbd5 25.Qh4 Qe7 26.g4 Qe3 27.Bc4 b5 28.Bxd5 Nxd5
29.Qh8+ Kb7 30.Qxg7 Qxb3 31.Qxf7+ Kb6 32.Qf1 Nc3+ 33.Kc1 Na4 34.Qf2 Nxb2 35.
d5+ Ka6 36.Qxb2 Qxd5 37.Qc3 g5 38.Kb2 c5 39.Qg3 Qd2+ 40.Kb1 c4 41.Qc7 Qd1+ 42.
Kb2 Qb3+ 43.Kc1 Qxa3+ 44.Kb1 Qd3+ 45.Ka2 Qd2+ 46.Kb1 Qd5 47.Qc8+ Ka5 48.Qc7+
Kb4 49.Qxa7 Qd1+ 0-1

[Event "Cto. Autonómico por Equipos 2007"]
[Site "Aragón"]
[Date "2007.03.10"]
[Round "7.34"]
[White "Gimenez Martinez Alberto"]
[Black "Guetas Sanchez Hugo"]
[Result "0-1"]
[WhiteElo "2066"]
[BlackElo "2085"]

1.e4 d5 2.exd5 Nf6 3.d4 Qxd5 4.c4 Qe4+ 5.Ne2 e5 6.a3 exd4 7.Qxd4 Qc2 8.Qe3+
Be7 9.Nd4 Qg6 10.Be2 Qxg2 11.Bf3 Qh3 12.Rg1 O-O 13.Rg3 Qxh2 14.Nc3 Re8 15.Kd1
Bc5 16.Qg5 Bf8 17.Be3 h6 18.Qb5 c6 19.Qa5 Rxe3 20.Rxg7+ Bxg7 21.fxe3 Qg1+ 22.
Kc2 Qxe3 23.Qd8+ Qe8 24.Qd6 Qd7 25.Qf4 c5 26.Nd5 Nxd5 27.Bxd5 cxd4 28.Rf1 d3+
29.Kb3 Nc6 30.Bxf7+ Kh8 31.Bg6 Qd4 32.Qc7 Qxb2+ 33.Ka4 Qc2+ 34.Kb5 Qb3+ 35.Kc5
Qb6+ 0-1

[Event "Cto. Autonómico por Equipos 2007"]
[Site "Aragón"]
[Date "2007.03.10"]
[Round "7.35"]
[White "Escuer Sanchez Nestor"]
[Black "Ananos Palacios David"]
[Result "1-0"]
[WhiteElo "2061"]
[BlackElo "2009"]

1.e4 c5 2.Nc3 d6 3.g3 g6 4.Nge2 Nf6 5.d4 cxd4 6.Nxd4 Nc6 7.Nde2 Bg7 8.Bg2 O-O
9.O-O Rb8 10.a4 a6 11.Nd5 Nxd5 12.exd5 Ne5 13.c3 Bd7 14.Nd4 Qc8 15.Re1 Bh3 16.
f4 Bxg2 17.Kxg2 Nc4 18.Rxe7 Re8 19.Qe2 Rxe7 20.Qxe7 Bxd4 21.cxd4 Qf5 22.Be3
Qxd5+ 23.Kf2 Nxb2 24.g4 Rc8 25.Kg3 Qb3 26.Kh4 Rc3 27.f5 Rc8 28.Rc1 Nc4 29.Bf4
Qxa4 30.Re1 Qc6 31.d5 Qc7 32.Qe8+ Rxe8 33.Rxe8+ Kg7 34.Bh6+ 1-0

[Event "Cto. Autonómico por Equipos 2007"]
[Site "Aragón"]
[Date "2007.03.10"]
[Round "7.36"]
[White "Moreno Gracia David"]
[Black "Andreu Sin Raul"]
[Result "1-0"]
[WhiteElo "1965"]
[BlackElo "2041"]

1.c4 e5 2.Nc3 Nc6 3.g3 Bc5 4.Bg2 d6 5.e3 Nge7 6.Nge2 O-O 7.O-O Ng6 8.d4 Bb6 9.
Nd5 Nce7 10.Nxb6 axb6 11.b3 f5 12.dxe5 dxe5 13.Qc2 c6 14.f4 Qc7 15.Bb2 Bd7 16.
Qc3 Rf7 17.fxe5 Ra5 18.e6 Bxe6 19.h4 Nf8 20.Nf4 Neg6 21.h5 Nxf4 22.gxf4 Qe7
23.Rf3 h6 24.Rg3 Ra8 25.Bf3 Rd8 26.Kf2 Rd7 27.Rag1 Rc7 28.Qc2 Bc8 29.Rxg7+
Rxg7 30.Rxg7+ Qxg7 31.Bxg7 Kxg7 32.Qc3+ Kg8 33.Qf6 Rh7 34.Qd8 Be6 35.Qxb6 Rd7
36.Ke2 Nh7 37.Qa7 Nf6 38.Qb8+ Kg7 39.Qe5 Re7 40.Qd6 Kf7 41.a4 Rd7 42.Qc5 Ne8
43.a5 Nc7 44.Qe5 Kg8 45.Qf6 Bf7 46.Qxf5 Re7 47.Qf6 Re8 1-0

[Event "Cto. Autonómico por Equipos 2007"]
[Site "Aragón"]
[Date "2007.03.10"]
[Round "7.37"]
[White "Garcia Ramon Ricardo1"]
[Black "Cebrian Valverde Jose Antonio"]
[Result "1/2-1/2"]
[WhiteElo "2099"]
[BlackElo "2205"]

1.e4 e6 2.d3 d5 3.Nd2 c5 4.Ngf3 Nc6 5.g3 g6 6.Bg2 Nge7 7.O-O Bg7 8.Re1 b6 9.
Nf1 dxe4 10.dxe4 Qxd1 11.Rxd1 Bb7 12.c3 Rd8 13.Bf4 O-O 14.Bc7 Rxd1 15.Rxd1 Na5
16.Rd7 Nc8 17.Ne5 f6 18.Ng4 Bc6 19.Rd1 h5 20.Nge3 Rf7 21.Rd8+ Rf8 22.Rd1 Rf7
23.Rd8+ Rf8 24.Rd1 1/2-1/2

[Event "Cto. Autonómico por Equipos 2007"]
[Site "Aragón"]
[Date "2007.03.10"]
[Round "7.38"]
[White "Gimeno Oteo Marco Antonio"]
[Black "Forcen Esteban Daniel"]
[Result "1-0"]
[WhiteElo "2156"]
[BlackElo "2083"]

1.e4 c5 2.Nf3 d6 3.b4 cxb4 4.d4 d5 5.exd5 Qxd5 6.c4 bxc3 7.Nxc3 Qa5 8.Bd2 Qd8
9.Rc1 a6 10.Bc4 Nf6 11.O-O e6 12.d5 b5 13.Bb3 Ba3 14.dxe6 fxe6 15.Rc2 O-O 16.
Qe2 Qd6 17.Ne4 Qd7 18.Nxf6+ Rxf6 19.Bg5 Nc6 20.Bxf6 gxf6 21.Rd1 Qe8 22.Qe4 Bb7
23.Bxe6+ Kh8 24.Rd7 1-0

[Event "Cto. Autonómico por Equipos 2007"]
[Site "Aragón"]
[Date "2007.03.10"]
[Round "7.39"]
[White "Antolin Concha Diego"]
[Black "Gutierrez Minguenza Ruben"]
[Result "1/2-1/2"]
[WhiteElo "1954"]
[BlackElo "2080"]

1.e4 c5 2.Nf3 Nc6 3.d4 cxd4 4.Nxd4 Nf6 5.Nc3 e5 6.Ndb5 d6 7.Bg5 a6 8.Na3 b5 9.
Bxf6 gxf6 10.Nd5 Bg7 11.c3 Ne7 12.Bxb5+ axb5 13.Nxb5 O-O 14.Nxe7+ Qxe7 15.Qxd6
Qxd6 16.Nxd6 Be6 17.a3 Rfd8 18.Nb5 Rab8 19.a4 Bc4 20.Na3 Bd3 21.b4 Rbc8 22.
O-O-O Rxc3+ 23.Kb2 Rdc8 24.Rc1 Rxc1 25.Rxc1 Rxc1 26.Kxc1 Bf8 27.Nc2 Bxc2 28.
Kxc2 Bxb4 29.Kb3 Bc5 30.f3 Kg7 31.a5 Kg6 32.Kc4 Bg1 33.h4 f5 34.Kd5 f6 35.g4
fxg4 36.fxg4 Kf7 37.Kd6 h6 38.a6 Bd4 39.h5 Be3 40.Kd7 Bd4 41.Kd6 Be3 42.Kd7
1/2-1/2

[Event "Cto. Autonómico por Equipos 2007"]
[Site "Aragón"]
[Date "2007.03.10"]
[Round "7.40"]
[White "Baldellou Vicente Roberto"]
[Black "Tello Casao Rafael"]
[Result "1/2-1/2"]
[WhiteElo "2033"]
[BlackElo "1616"]

1.c4 Nf6 2.Nf3 c5 3.d4 cxd4 4.Nxd4 g6 5.Nc3 Bg7 6.e4 d6 7.Be2 Nc6 8.Be3 Bd7 9.
O-O O-O 10.Rc1 Nxd4 11.Bxd4 Bc6 12.f4 e5 13.fxe5 Nxe4 14.exd6 Qxd6 15.Nd5 Be5
16.Bxe5 Qxe5 17.Bf3 f5 18.Re1 Rad8 19.Qe2 Bxd5 20.cxd5 Rfe8 21.Rcd1 Kh8 22.Qc4
Kg7 23.Qd4 Kf6 24.Bxe4 fxe4 25.Rxe4 Qxd4+ 26.Rexd4 Re2 27.R4d2 Rxd2 28.Rxd2
Ke5 29.Re2+ Kf6 30.Rd2 1/2-1/2

[Event "Cto. Autonómico por Equipos 2007"]
[Site "Aragón"]
[Date "2007.03.10"]
[Round "7.41"]
[White "Luis Vitalla Fernando"]
[Black "Laliena Solares Luis"]
[Result "1/2-1/2"]
[WhiteElo "2203"]
[BlackElo "2175"]

1.Nf3 c5 2.g3 Nc6 3.Bg2 g6 4.d3 Bg7 5.O-O e5 6.e4 Nge7 7.Be3 b6 8.Nc3 O-O 9.
Nh4 d6 10.f4 Nd4 11.f5 1/2-1/2

[Event "Cto. Autonómico por Equipos 2007"]
[Site "Aragón"]
[Date "2007.03.10"]
[Round "7.42"]
[White "Cobo Israel"]
[Black "Gella Lopez Angel"]
[Result "0-1"]
[WhiteElo "1969"]
[BlackElo "2106"]

1.e4 c5 2.Nf3 e6 3.d4 cxd4 4.Nxd4 Nc6 5.Nc3 Qc7 6.Be3 a6 7.f4 b5 8.Be2 Bb7 9.
Nxc6 Bxc6 10.Bf3 b4 11.Ne2 Nf6 12.Qd3 Qb7 13.Ng3 Rc8 14.Bd4 Be7 15.c3 bxc3 16.
Bxc3 O-O 17.Kf2 Bc5+ 18.Bd4 Qxb2+ 19.Ke3 Bb5 20.Rhb1 Bxd4+ 21.Qxd4 Rc3+ 0-1

[Event "Cto. Autonómico por Equipos 2007"]
[Site "Aragón"]
[Date "2007.03.10"]
[Round "7.43"]
[White "Laplaza Ara Carlos"]
[Black "Sanz Lopez R"]
[Result "1-0"]
[WhiteElo "2043"]
[BlackElo "1944"]

1.d4 d5 2.Nf3 e6 3.c4 c6 4.cxd5 exd5 5.Nc3 f5 6.Bf4 Nf6 7.e3 Be7 8.Bd3 O-O 9.
O-O Qe8 10.Ne5 Ne4 11.f3 Nd6 12.e4 fxe4 13.fxe4 dxe4 14.Nxe4 Nxe4 15.Bxe4 Be6
16.Qc2 Qh5 17.Bg3 Na6 18.Nxc6 Bf6 19.Ne5 Nb4 20.Qc5 Bxe5 21.Bxe5 Nc6 22.Bd5
Qh6 23.Qd6 Bxd5 24.Qxd5+ Kh8 25.Qe4 Nxe5 26.dxe5 Qe6 27.b3 Rxf1+ 28.Rxf1 Re8
29.Qxb7 a6 30.Qf7 Qxf7 31.Rxf7 Kg8 32.Ra7 Re6 33.Kf2 h5 34.Kf3 Rxe5 35.Rxa6
Rb5 36.Rd6 Kf7 37.g3 Ke7 38.Rc6 Rb4 39.Rc4 Rb5 40.b4 Rb6 41.a4 Kd7 42.b5 Rf6+
43.Rf4 Rg6 44.Rf5 Rg4 45.a5 Ra4 46.a6 Kc7 47.Rxh5 Kb6 48.Rg5 Rb4 49.Rxg7 1-0

[Event "Cto. Autonómico por Equipos 2007"]
[Site "Aragón"]
[Date "2007.03.10"]
[Round "7.44"]
[White "Gayan Miguel Angel"]
[Black "Bellosta López Pablo"]
[Result "1-0"]
[WhiteElo "1917"]
[BlackElo "1841"]

1.d4 Nf6 2.Nf3 g6 3.c4 Bg7 4.Nc3 O-O 5.Bg5 d6 6.e3 h6 7.Bh4 c5 8.Be2 Bf5 9.h3
Qb6 10.Qd2 g5 11.Bg3 Ne4 12.Nxe4 Bxe4 13.O-O Nc6 14.d5 Na5 15.Bd3 Bxd3 16.Qxd3
Qxb2 17.Rfb1 Qc3 18.Qe4 Qxc4 19.Qxe7 Bxa1 20.Rxa1 Qxd5 21.Bxd6 Rfe8 22.Qc7 Nc4
23.Bh2 Rad8 24.Kh1 Nd6 25.Bxd6 Rxd6 26.Rc1 b6 27.a4 Rd7 28.Qg3 Re4 29.h4 g4
30.Re1 Kh8 31.Nh2 Qd6 32.f4 h5 33.Nf1 f5 34.Qf2 Rxa4 35.Ng3 Qd2 36.Re2 Qc1+
37.Kh2 Kh7 38.Nxf5 c4 39.Rc2 Qb1 40.Nd4 Qb4 41.f5 Qd6+ 42.g3 a6 43.Ne6 b5 44.
Ng5+ Kg7 45.e4 Ra3 46.Re2 c3 47.e5 Qd2 48.Ne4 Qd5 49.Nf6 Qd2 50.Nxd7 Ra2 51.
f6+ Kh8 52.f7 Qxe2 53.f8=Q+ Kh7 54.Nf6+ Kg6 55.Qg8+ Kh6 56.Qh7# 1-0

[Event "Cto. Autonómico por Equipos 2007"]
[Site "Aragón"]
[Date "2007.03.10"]
[Round "7.45"]
[White "Sanchez Herrera Miguel"]
[Black "Gavin Roche Enrique"]
[Result "0-1"]
[WhiteElo "2210"]
[BlackElo "2261"]

1.d4 d5 2.Nf3 Nf6 3.e3 c6 4.Nbd2 Bf5 5.Bd3 Bxd3 6.cxd3 e6 7.Ne5 Be7 8.O-O O-O
9.a3 Nfd7 10.Qg4 Qb6 11.f4 c5 12.dxc5 Bxc5 13.d4 Bxd4 14.Nxd7 Bxe3+ 15.Kh1
Nxd7 16.Rf3 Qd4 17.Rg3 Bf2 18.Nb3 Qf6 19.Rf3 Nc5 20.Nxc5 Bxc5 21.f5 Qd4 22.Bf4
e5 23.f6 g6 24.Qg5 exf4 25.Rxf4 Qxb2 26.Raf1 Rfe8 27.Rh4 Qf2 28.Rf4 Qe3 29.h4
Re4 30.R1f3 Qg1# 0-1

[Event "Cto. Autonómico por Equipos 2007"]
[Site "Aragón"]
[Date "2007.03.10"]
[Round "7.46"]
[White "Ferrer Echavarri Francisco Javier"]
[Black "Sicilia Manuel"]
[Result "0-1"]
[WhiteElo "2023"]
[BlackElo "2144"]

1.f4 g6 2.Nf3 Bg7 3.e3 d6 4.d4 Nd7 5.Bc4 c6 6.O-O b5 7.Bd3 Bb7 8.c3 Ngf6 9.Qe2
O-O 10.Nbd2 e5 11.f5 Qe7 12.dxe5 dxe5 13.e4 Rad8 14.fxg6 fxg6 15.Bc2 a6 16.Nb3
c5 17.Bg5 c4 18.Na5 Ba8 19.b3 Qc5+ 20.Be3 Qc7 21.b4 Nxe4 22.Bxe4 Bxe4 23.Bg5
Bxf3 24.gxf3 Rde8 25.Qe4 Nf6 26.Bxf6 Rxf6 27.Rad1 Ref8 28.Nb7 Rf4 29.Qd5+ Qf7
30.Qxf7+ R8xf7 31.Nc5 Rxf3 32.Rxf3 Rxf3 33.Kg2 Rxc3 34.Rd8+ Bf8 35.Ne6 Kf7 36.
Nxf8 h6 37.Rc8 Ra3 38.Nd7 e4 39.Ne5+ Kf6 40.Rc5 h5 41.Nd7+ Ke6 42.Nf8+ Kf7 43.
Nd7 h4 44.Ne5+ Kg7 45.Ng4 e3 46.Rc7+ Kf8 47.Nf6 Rxa2+ 48.Kg1 h3 49.Nh7+ Ke8
50.Nf6+ Kd8 51.Rd7+ Kc8 52.Rd1 Rg2+ 53.Kf1 e2+ 0-1

[Event "Cto. Autonómico por Equipos 2007"]
[Site "Aragón"]
[Date "2007.03.10"]
[Round "4.47"]
[White "Fernandez Urrutia Gallo Carlos"]
[Black "Velamazan Gomez Angel"]
[Result "1-0"]
[WhiteElo "2076"]
[BlackElo "1987"]

1.d4 d6 2.Nf3 Nf6 3.Nc3 g6 4.e4 c6 5.h3 Bg7 6.Bc4 b5 7.Bd3 O-O 8.O-O a6 9.Bg5
Qc7 10.Qd2 e5 11.dxe5 dxe5 12.Bh6 Bb7 13.b4 Nbd7 14.Bxg7 Kxg7 15.a4 Rfd8 16.
Qe3 Nf8 17.Qc5 N8d7 18.Qe3 Qd6 19.Rab1 Qe7 20.Rfe1 h6 21.g3 Rac8 22.Kg2 Nf8
23.Nh2 Ne6 24.Ng4 Nxg4 25.hxg4 Nd4 26.Rh1 g5 27.Rh5 Rd6 28.f4 exf4 29.gxf4
gxf4 30.Qxf4 Rf6 31.Qe3 Ne6 32.Ne2 Rg6 33.Ng3 Qc7 34.Nf5+ Kf8 35.Rxh6 Nf4+ 36.
Kf3 Rxh6 37.Nxh6 Ng6 38.Rh1 c5 39.Qxc5+ Qxc5 40.bxc5 Rxc5 41.axb5 axb5 42.Nf5
Ke8 43.Nd6+ 1-0

[Event "Cto. Autonómico por Equipos 2007"]
[Site "Aragón"]
[Date "2007.03.10"]
[Round "7.48"]
[White "Navarro Sancho Rafael"]
[Black "Martin Fernando"]
[Result "1-0"]
[WhiteElo "1961"]
[BlackElo "1900"]

1.e4 c5 2.Nf3 Nc6 3.Bb5 g6 4.O-O Bg7 5.c3 a6 6.Bxc6 bxc6 7.d4 cxd4 8.cxd4 d5
9.e5 e6 10.Nc3 c5 11.Bg5 Qc7 12.Rc1 f6 13.exf6 Nxf6 14.Re1 O-O 15.dxc5 Bd7 16.
Qd2 Ng4 17.Be7 Rf5 18.Bd6 Qd8 19.Ne2 Bh6 20.Bf4 Rxf4 21.Nxf4 Qc7 22.g3 Rf8 23.
h3 Nf6 24.Ne5 Ne4 25.Rxe4 dxe4 26.Nxd7 Rf7 27.c6 e5 28.Rd1 exf4 29.g4 Bg7 30.
Qd6 Qa7 31.c7 Qa8 32.Nb6 1-0

[Event "Cto. Autonómico por Equipos 2007"]
[Site "Aragón"]
[Date "2007.03.10"]
[Round "7.49"]
[White "Cantin Zaborras Valentin"]
[Black "Galvez Perez Jose Luis"]
[Result "1/2-1/2"]
[WhiteElo "2125"]
[BlackElo "2125"]

1.e4 d6 2.d4 Nf6 3.Nc3 g6 4.Be3 c6 5.Qd2 Nbd7 6.f3 b5 7.g4 Nb6 8.g5 Nh5 9.b3
Bg7 10.Nge2 e5 11.O-O-O Qc7 12.dxe5 dxe5 13.Bc5 Bf8 14.Qe3 Bd7 15.Bg2 O-O-O
16.Rd2 Bxc5 17.Qxc5 Be6 18.Rhd1 Rxd2 19.Rxd2 Nd7 20.Qe3 Qb6 21.Nd1 Nf4 22.Bf1
Qxe3 23.Nxe3 h6 24.gxh6 Rxh6 25.Nc3 Kc7 26.Kb2 Nc5 27.Ncd1 Bh3 28.Kc3 Bxf1 29.
Nxf1 Rh3 30.Ng3 Nce6 31.Rf2 Ng5 32.Ne3 Nh5 33.Nef1 Kb6 34.a3 f5 35.exf5 gxf5
36.Kb2 Nxg3 37.hxg3 f4 38.gxf4 exf4 39.Nd2 Rg3 40.c3 Kc7 41.Kc2 Kd7 42.Kd3 Ke6
43.Kd4 Nh3 44.Re2+ Kd7 45.Ke5 Ng1 46.Rf2 Rg5+ 47.Ke4 Nh3 48.Rh2 Rh5 49.Nf1 Ke6
50.c4 a6 51.cxb5 cxb5 52.Rc2 Re5+ 53.Kd3 Kf5 54.Rc6 1/2-1/2

[Event "Cto. Autonómico por Equipos 2007"]
[Site "Aragón"]
[Date "2007.03.10"]
[Round "7.50"]
[White "Lucea Valero Alejandro"]
[Black "Valiente Roy Jose Javier"]
[Result "0-1"]
[WhiteElo "1970"]
[BlackElo "2079"]

1.e4 c6 2.d4 d5 3.exd5 cxd5 4.Bd3 Nc6 5.c3 Nf6 6.Bf4 Bg4 7.Qb3 Qc8 8.Nd2 e6 9.
Ngf3 Be7 10.O-O O-O 11.h3 Bh5 12.Rac1 Bg6 13.Bxg6 hxg6 14.Rfe1 a6 15.Ne5 Nxe5
16.Bxe5 b5 17.a4 Qc6 18.Ra1 Nd7 19.Bf4 Nb6 20.axb5 axb5 21.Qc2 b4 22.Qd3 bxc3
23.bxc3 Rfc8 24.Rxa8 Rxa8 25.Rb1 Ra3 26.Qb5 Qxb5 27.Rxb5 Na4 28.c4 Nc3 29.Rb8+
Kh7 30.Be3 Ra1+ 31.Nb1 Rxb1+ 32.Rxb1 Nxb1 33.c5 Na3 34.Kf1 Nc2 0-1

[Event "Cto. Autonómico por Equipos 2007"]
[Site "Aragón"]
[Date "2007.03.10"]
[Round "7.51"]
[White "Gutierrez Barrachina Jose A"]
[Black "Carraminana Lopez Luis Antonio"]
[Result "0-1"]
[WhiteElo "1983"]
[BlackElo "1967"]

1.e4 d6 2.d4 Nf6 3.Nc3 Nbd7 4.Nf3 e5 5.Bc4 Be7 6.Bxf7+ Kxf7 7.Ng5+ Kg8 8.Ne6
Qe8 9.Nxc7 Qg6 10.O-O Rb8 11.f4 h6 12.f5 Qh5 13.Qd3 exd4 14.Qxd4 d5 15.Ne6
dxe4 16.Nxe4 Qe2 17.Be3 Kh7 18.Rae1 Qxc2 19.Bf4 Ra8 20.Nc7 Nxe4 21.Rxe4 Bc5
0-1

[Event "Cto. Autonómico por Equipos 2007"]
[Site "Aragón"]
[Date "2007.03.10"]
[Round "7.52"]
[White "Garcia Lopez Alberto J"]
[Black "Lopez Capape Armando"]
[Result "1-0"]
[WhiteElo "1965"]
[BlackElo "1900"]

1.Nf3 Nf6 2.g3 b6 3.Bg2 Bb7 4.O-O e6 5.c4 Be7 6.Nc3 O-O 7.b3 Ne4 8.Bb2 d6 9.
Qc2 Nxc3 10.Bxc3 g6 11.e4 e5 12.d4 f6 13.Rad1 Qe8 14.Ne1 c5 15.d5 Nd7 16.f4 g5
17.Qe2 gxf4 18.gxf4 exf4 19.Qg4+ Kh8 20.Qxf4 Ne5 21.Nf3 Bc8 22.Nxe5 fxe5 23.
Bxe5+ dxe5 24.Qxe5+ Kg8 25.d6 Bh4 26.Rxf8+ Qxf8 27.Rf1 1-0

[Event "Cto. Autonómico por Equipos 2007"]
[Site "Aragón"]
[Date "2007.03.10"]
[Round "7.53"]
[White "Veras Sanz Marino"]
[Black "Bayod Rubia Angel"]
[Result "1/2-1/2"]
[WhiteElo "2069"]
[BlackElo "2080"]

1.d4 Nf6 2.c4 c5 3.Nf3 cxd4 4.Nxd4 Nc6 5.g3 g6 6.Bg2 Bg7 7.O-O O-O 8.Nc3 Nxd4
9.Qxd4 d6 10.Qd3 Rb8 11.h3 Nd7 12.b3 Nc5 13.Qd2 Bf5 14.Bb2 h5 15.e4 Be6 16.b4
Nd7 17.Nd5 f6 18.Rac1 Kh7 19.f4 Bh6 20.Bd4 b6 21.Qe2 Bf7 22.Rce1 e6 23.Nc3 Rc8
24.e5 dxe5 25.fxe5 Qc7 26.c5 bxc5 27.bxc5 fxe5 28.Nb5 Qb8 29.c6 exd4 30.cxd7
Be3+ 31.Kh2 Rc5 32.Rb1 h4 33.Rf3 Rf5 34.Nxd4 hxg3+ 35.Rxg3 Qxb1 36.Rxe3 Ra5
37.Nc6 Rxa2 38.Qd3 Qb7 39.Qc4 Qc7+ 40.Rg3 e5 41.Qh4+ Kg7 42.d8=Q Rxd8 43.Nxd8
Bd5 44.Qg5 Qd6 45.h4 Qf6 46.Qxf6+ Kxf6 47.Kh3 Bxg2+ 48.Rxg2 Rxg2 49.Kxg2 a5
50.Nc6 a4 51.Kf3 g5 1/2-1/2

[Event "Cto. Autonómico por Equipos 2007"]
[Site "Aragón"]
[Date "2007.03.10"]
[Round "7.54"]
[White "Lopez Guaita Fernando"]
[Black "Hernandez Delgado Gabriel"]
[Result "1-0"]
[WhiteElo "2049"]
[BlackElo "2066"]

1.d4 Nf6 2.Nf3 e6 3.Bg5 c5 4.e3 Qb6 5.Qc1 cxd4 6.exd4 Nc6 7.c3 d5 8.Bd3 h6 9.
Bf4 Nh5 10.Be3 Bd6 11.O-O g5 12.g3 Bd7 13.c4 dxc4 14.d5 Qc7 15.dxc6 Bxc6 16.
Be2 Nf4 17.Bxf4 gxf4 18.g4 Rg8 19.Nbd2 Rxg4+ 20.Kh1 b5 21.a4 Rb8 22.axb5 Rxb5
23.Qxc4 Rxb2 24.Rxa7 Qb6 25.Ra6 Bd5 26.Qc8+ Ke7 27.Rxb6 Rxb6 28.h3 Rg6 29.Bd3
Rc6 30.Qb7+ Kf6 31.Ne4+ Kg7 32.Qb2+ f6 33.Kh2 Kf7 34.Nxd6+ Rxd6 35.Bxg6+ 1-0

[Event "Cto. Autonómico por Equipos 2007"]
[Site "Aragón"]
[Date "2007.03.10"]
[Round "7.55"]
[White "Labrador FM"]
[Black "Bailo Remacha Santiago"]
[Result "1/2-1/2"]
[WhiteElo "2005"]
[BlackElo "2039"]

1.d4 Nf6 2.Nf3 g6 3.c4 Bg7 4.Nc3 d5 5.cxd5 Nxd5 6.g3 Nxc3 7.bxc3 c5 8.Bg2 Nc6
9.e3 O-O 10.O-O Qc7 11.Rb1 Bf5 12.Rb2 Be4 13.Qa4 cxd4 14.cxd4 b6 15.Bd2 Rfc8
16.Rc1 Qb7 17.Nh4 Bxg2 18.Nxg2 e6 19.Rbc2 Ne7 20.Bb4 Nd5 21.Ba3 a6 22.Rc6 b5
23.Qc2 Rxc6 24.Qxc6 Qxc6 25.Rxc6 b4 26.Bb2 a5 27.e4 Ne7 28.Rc7 Rc8 29.Rxe7 Rc2
30.Re8+ Bf8 31.Ne3 Rxb2 32.Nc4 Rxa2 33.d5 exd5 34.exd5 Kg7 35.d6 Bxd6 36.Nxd6
b3 37.Rb8 a4 38.Kg2 Rc2 39.Rb4 Rc6 40.Ne4 f5 41.Nd2 Rc2 42.Nxb3 axb3 43.Rxb3
1/2-1/2

[Event "Cto. Autonómico por Equipos 2007"]
[Site "Aragón"]
[Date "2007.03.10"]
[Round "7.56"]
[White "Dominguez Castillo Alejandro"]
[Black "Martin Barbero Roberto"]
[Result "0-1"]
[WhiteElo "1794"]
[BlackElo "1959"]

1.d4 Nf6 2.Nf3 g6 3.c4 Bg7 4.Nc3 O-O 5.e4 d6 6.Be2 e5 7.d5 Nbd7 8.O-O h6 9.Be3
Ng4 10.Bd2 f5 11.exf5 gxf5 12.Ne1 Ndf6 13.h3 h5 14.hxg4 hxg4 15.g3 Rf7 16.Kg2
Nh7 17.Rh1 Ng5 18.Bxg5 Qxg5 19.Rh4 a6 20.a4 Bd7 21.Nd3 Re8 22.Qc1 f4 23.f3
gxf3+ 24.Kf1 Qxg3 25.Rh5 Bh3+ 26.Rxh3 Qxh3+ 27.Ke1 fxe2 28.Nxe2 Qxd3 0-1

[Event "Cto. Autonómico por Equipos 2007"]
[Site "Aragón"]
[Date "2007.03.10"]
[Round "7.57"]
[White "Gracia Suarez Jesus"]
[Black "Cebollada Pacheco Jesus Raul"]
[Result "1-0"]
[WhiteElo "2129"]
[BlackElo "2010"]

1.e4 e6 2.d3 d5 3.Nd2 Nf6 4.Ngf3 Bc5 5.e5 Nfd7 6.c3 a5 7.a3 Bb6 8.h4 f6 9.Qe2
O-O 10.d4 c5 11.Nb3 Nc6 12.exf6 Qxf6 13.Bg5 Qf7 14.Be3 c4 15.Nbd2 e5 16.Ng5
Qe8 17.Nxc4 dxc4 18.Qxc4+ Kh8 19.d5 Nd4 20.O-O-O Nf5 21.Bxb6 Nxb6 22.Qc7 Nd7
23.Bb5 Nh6 24.Ne4 Qf7 25.f3 Nf6 26.Qxf7 Nxf7 27.Ng5 Nd6 28.Ba4 b5 29.Bb3 Ra7
30.Rhe1 b4 31.Rxe5 a4 32.Ba2 bxa3 33.bxa3 h6 34.Ne6 Re8 35.g4 Nf7 36.Re3 Bxe6 {bandera de las negras}
1-0

[Event "Cto. Autonómico por Equipos 2007"]
[Site "Aragón"]
[Date "2007.03.10"]
[Round "7.58"]
[White "Quintin Navarro Alberto"]
[Black "Brosa Soto Jesus"]
[Result "1-0"]
[WhiteElo "1907"]
[BlackElo "2127"]

1.e4 d6 2.d4 e5 3.Nf3 Nc6 4.Bb5 Bd7 5.O-O Nge7 6.c3 g6 7.dxe5 Nxe5 8.Nxe5 dxe5
9.Bc4 Nc8 10.Qd5 Qf6 11.Be3 c6 12.Qd2 Nd6 13.Rd1 Bg4 14.Bg5 Qg7 15.f3 f6 16.
fxg4 Nxc4 17.Qe2 Bc5+ 18.Kh1 Nb6 19.Be3 Bxe3 20.Qxe3 O-O 21.Nd2 Rad8 22.a4 Rd7
23.a5 Nc8 24.Nc4 Rfd8 25.Qe2 Qe7 26.b3 Qe6 27.h3 b5 28.axb6 axb6 29.Rxd7 Qxd7
30.Ne3 Qd3 31.Qxd3 Rxd3 32.Ra8 Rd8 33.Nc4 Kf7 1-0

[Event "Cto. Autonómico por Equipos 2007"]
[Site "Aragón"]
[Date "2007.03.10"]
[Round "7.59"]
[White "Glaria Tevar Salvador"]
[Black "Pellicer Abella Emilio"]
[Result "1/2-1/2"]
[WhiteElo "1936"]
[BlackElo "1842"]

1.d4 d5 2.Nf3 Nf6 3.Bg5 Nbd7 4.Nbd2 c6 5.e3 Qb6 6.Bd3 e6 7.O-O Bd6 8.c4 Qxb2
9.c5 Bc7 10.Qa4 Qc3 11.Be2 Qa5 12.Qc2 Bb8 13.Rab1 h6 14.Bf4 Bxf4 15.exf4 Qc7
16.f5 exf5 17.Bd3 Ne4 18.Nh4 Ndf6 19.Rfe1 O-O 20.Nf1 Qf4 21.g3 Qc7 22.Ng2 g6
23.Nf4 Ng5 24.Kg2 Bd7 25.Ne3 Rfe8 26.Qb2 Rab8 27.Bf1 b5 28.Nd3 Re6 29.Ne5 Rbe8
30.Qc2 Kg7 31.a4 a6 32.axb5 axb5 33.Ra1 Ng4 34.N3xg4 fxg4 35.Be2 f5 36.Ra3 Nf7
37.Rea1 Nxe5 38.dxe5 Qxe5 39.Bd3 d4 40.Ra7 Qd5+ 41.Kg1 Re1+ 42.Rxe1 Rxe1+ 43.
Bf1 Kf6 44.Qd2 Re8 45.Qxh6 d3 46.Qd2 b4 47.Rb7 Bc8 48.Rxb4 Qxc5 49.Bxd3 Be6
50.Rb1 Bd5 51.Bf1 Qe7 52.Qd4+ Qe5 53.Qxe5+ Rxe5 54.Rc1 Bf3 55.h3 Ra5 56.hxg4
fxg4 57.Bg2 Bd5 58.Kf1 Ra2 59.Rxc6+ Bxc6 60.Bxc6 Ke5 61.Bb7 Kd4 62.Bc8 Ke5 63.
Bxg4 g5 64.Kg2 Rb2 65.Bf3 Rd2 66.Bb7 Rb2 67.Bc6 Rc2 68.Bb7 Rb2 69.Bc6 Rc2 70.
Bb7 Kd4 71.Kf3 Ke5 72.Kg2 Rb2 {tablas por triple repetición de la posición}
1/2-1/2

[Event "Cto. Autonómico por Equipos 2007"]
[Site "Aragón"]
[Date "2007.03.10"]
[Round "7.60"]
[White "Arregui Unotria Carlos"]
[Black "Serrano San Nicolas Angel"]
[Result "1/2-1/2"]
[WhiteElo "1827"]
[BlackElo "1805"]

1.e4 d5 2.exd5 Qxd5 3.Nc3 Qa5 4.Bc4 Nf6 5.Nf3 Bg4 6.d3 e6 7.Bd2 Qh5 8.Qe2 Nc6
9.Bb5 Bb4 10.O-O-O O-O 11.Bxc6 bxc6 12.h3 Bxf3 13.gxf3 Qa5 14.Rdg1 Rfb8 15.Bh6
g6 16.Rg5 Nd5 17.Rxd5 cxd5 18.Qe5 Bf8 19.Bxf8 Kxf8 20.Ne4 h6 21.Nf6 Qb5 22.Re1
g5 23.Nh5 Qb4 24.Qg7+ Ke7 25.Qf6+ Kd6 26.Qe5+ Kc6 27.Nf6 Qf4+ 28.Qxf4 gxf4 29.
Nh5 Rb4 30.a3 Ra4 31.Rg1 Rh8 32.Rg7 f5 33.Kd2 Kd6 34.Kc3 Rb8 35.Rg6 c5 36.b3
Rxa3 37.Kb2 Ra6 38.Nxf4 Ke5 39.Nh5 Rh8 40.f4+ Kd6 41.Ng7 Ke7 42.Nxf5+ Kf7 43.
Nh4 Rb6 44.Kc3 e5 45.Rxb6 axb6 46.fxe5 Ke6 47.d4 Rf8 48.dxc5 bxc5 49.f3 Rf4
50.Ng6 Rxf3+ 51.Kd2 Rg3 52.Nf4+ Kxe5 53.Nd3+ Kd6 54.Nf2 Rg2 55.Ke3 Rg1 56.Kd2
Kc6 57.Ke2 Kb5 58.Ng4 h5 59.Ne3 Kc6 60.Kf2 Rg8 61.Kf3 h4 62.Nf5 Rf8 63.Kg4
Rxf5 64.Kxf5 d4 65.Ke5 Kb5 66.Ke4 Ka5 67.Ke5 Kb5 68.Ke4 Kc6 69.Ke5 Kb6 70.Kd5
Kb5 71.Ke4 Kc6 72.Ke5 Kb5 73.Ke4 1/2-1/2

[Event "Cto. Autonómico por Equipos 2007"]
[Site "Aragón"]
[Date "2007.03.10"]
[Round "7.61"]
[White "Horton Justin"]
[Black "Peris Gerardo"]
[Result "0-1"]
[WhiteElo "2140"]
[BlackElo "1899"]

1.Nf3 d5 2.c4 d4 3.g3 Nf6 4.Bg2 Nc6 5.O-O e5 6.d3 Bc5 7.b4 Nxb4 8.Nxe5 O-O 9.
Nd2 Re8 10.Nef3 Bb6 11.a4 a5 12.Nb3 c5 13.Ba3 Bd7 14.Bxb4 axb4 15.a5 Ba7 16.a6
b6 17.Ra2 Bc6 18.Re1 Qd7 19.Qd2 Rad8 20.Qg5 h6 21.Qh4 Ba4 22.Nfd2 b5 23.Na5
Qe6 24.Nc6 Rd7 25.Nxa7 Rxa7 26.Bb7 Nd7 27.Qe4 Nb6 28.Qxe6 Rxe6 29.cxb5 Bxb5
30.Ra5 Bxd3 31.Nb3 Nd7 32.Bc8 Bxa6 33.Bxd7 Rxd7 34.Nxc5 Rd5 35.Nxe6 Rxa5 36.
Nxd4 Ra2 37.e3 Rb2 38.Rc1 Bd3 39.Nf3 Rc2 40.Ra1 b3 41.Nd4 b2 42.Nxc2 Bxc2 43.
Ra8+ Kh7 0-1

[Event "Cto. Autonómico por Equipos 2007"]
[Site "Aragón"]
[Date "2007.03.10"]
[Round "7.62"]
[White "Lara Pueyo Felix"]
[Black "Yanez Acin Gonzalo"]
[Result "1-0"]
[WhiteElo "1875"]
[BlackElo "1982"]

1.e4 Nf6 2.e5 Nd5 3.d4 d6 4.c4 Nb6 5.f4 dxe5 6.fxe5 Bf5 7.Nf3 e6 8.Bd3 Bg4 9.
O-O Be7 10.Nc3 c6 11.Ne4 O-O 12.Kh1 f5 13.exf6 gxf6 14.Bh6 Rf7 15.Qe1 Kh8 16.
Nfg5 Qg8 17.Nxf7+ Qxf7 18.Ng5 Qg8 19.Qe4 Bf5 20.Rxf5 1-0